|
|
|
|
| LEADER |
00000nam0a2200000 4500 |
| 001 |
106185 |
| 005 |
20231031114810.0 |
| 010 |
|
|
|a 5703817722
|
| 035 |
|
|
|a (RuTPU)RU\TPU\book\114584
|
| 090 |
|
|
|a 106185
|
| 100 |
|
|
|a 20061201d2004 m y0rusy50 ca
|
| 101 |
0 |
|
|a rus
|
| 102 |
|
|
|a RU
|
| 105 |
|
|
|a a j 001zy
|
| 200 |
1 |
|
|a Статистическая механика и теория надежности
|e учебник
|f В. А. Светлицкий
|
| 205 |
|
|
|a 2-е изд., стер.
|
| 210 |
|
|
|a Москва
|c Изд-во МГТУ
|d 2004
|
| 215 |
|
|
|a 504 с.
|c ил.
|
| 320 |
|
|
|a Библиогр.: с. 500-501.
|
| 330 |
|
|
|a Изложены основные разделы статистической механики, основы теории надежности и их использование в практике проектирования приборов, машин и конструкций в различных отраслях промышленности. Описана теория случайных колебаний механических систем с конечным числом степеней свободы и систем с распределенными параметрами. Приведены методы численного решения прикладных задач статистической динамики; рассмотрены теория и численные методы определения надежности элементов конструкций, а также нетрадиционные задачи, при решении которых нельзя воспользоваться методами статистической динамики. Содержание учебника соответствует курсу лекций, который автор читает в МГТУ им. Н. Э. Баумана. Для студентов технических университетов. Может быть полезен аспирантам и инженерам-механикам, работающим в различных отраслях машиностроения.
|
| 610 |
1 |
|
|a статистическая физика
|
| 610 |
1 |
|
|a теория вероятностей
|
| 610 |
1 |
|
|a нестационарные случайные функции
|
| 610 |
1 |
|
|a стационарные случайные функции
|
| 610 |
1 |
|
|a марковские процессы
|
| 610 |
1 |
|
|a случайные колебания
|
| 610 |
1 |
|
|a струны
|
| 610 |
1 |
|
|a продольные колебания
|
| 610 |
1 |
|
|a крутильные колебания
|
| 610 |
1 |
|
|a стержни
|
| 610 |
1 |
|
|a механические системы
|
| 610 |
1 |
|
|a теория надежности
|
| 610 |
1 |
|
|a надежность
|
| 610 |
1 |
|
|a учебники
|
| 675 |
|
|
|a 531.19(075.8)
|v 3
|
| 675 |
|
|
|a 62-192(075.8)
|v 3
|
| 700 |
|
1 |
|a Светлицкий
|b В. А.
|g Валерий Александрович
|
| 801 |
|
1 |
|a RU
|b 63413507
|c 20061201
|g PSBO
|
| 801 |
|
2 |
|a RU
|b 63413507
|c 20061219
|g PSBO
|
| 900 |
|
|
|a Механика
|
| 900 |
|
|
|a Теория надежности
|
| 942 |
|
|
|c BK
|
| 951 |
|
|
|b 150301
|b 150200
|b 140609
|b 160801
|